| 000 | 00929cam a2200337 4500 | ||
|---|---|---|---|
| 001 | a44198 | ||
| 003 | DO-SdBNP | ||
| 005 | 20180125131916.0 | ||
| 007 | a44198 | ||
| 008 | 090202s 2009 sp | |||| 000 f spa | ||
| 015 | _a | ||
| 017 |
_a _b |
||
| 020 | _a9788466319034 | ||
| 035 | _a | ||
| 040 |
_aBPMSU _bspa _cBPMSU _e |
||
| 080 | _a | ||
| 082 | 4 |
_aU863.44 _bB462a 2009 |
|
| 100 | 1 |
_aBenedetti, Mario, _d1920-2009. |
|
| 245 | 1 | 0 |
_aAndamios / _h _cMario Benedetti. |
| 250 | _a2a. ed. | ||
| 260 |
_a[Madrid] : _bSantillana Ediciones, _c2009. |
||
| 300 |
_a331 p. ; _c22 cm. |
||
| 490 | 1 |
_aPunto de lectura _v11/10 |
|
| 500 | _aIncluye datos biográficos del autor | ||
| 650 | _aNOVELA URUGUAYA | ||
| 830 | 0 |
_aPunto de lectura _v11/10 |
|
| 910 | _aValidado. Control de calidad MFF | ||
| 942 |
_2ddc _cBK |
||
| 945 | _aInventariado extranjero / 2017 VM | ||
| 956 |
_aVMATEO _b10 _c20160712 _dBPMSU _f0069 |
||
| 999 |
_c10826 _d10826 |
||